Normal view
MARC view
- Kotibhaskar /. Shah
Entry Personal Name
001 - CONTROL NUMBER
- control field: 217413
003 - CONTROL NUMBER IDENTIFIER
- control field: OSt
005 - DATE AND TIME OF LATEST TRANSACTION
- control field: 20260328150001.0
008 - FIXED-LENGTH DATA ELEMENTS
- fixed length control field: 260328|| aca||aabn | a|a d
040 ## - CATALOGING SOURCE
- Original cataloging agency: OSt
- Transcribing agency: OSt
100 ## - HEADING--PERSONAL NAME
- Personal name: Kotibhaskar /. Shah
670 ## - SOURCE DATA FOUND
- Source citation: Work cat.: (OSt)20736: Kotibhaskar /. Shah, Advanced Accountancy., 1992